| 000 | 01019nam a22002897a 4500 | ||
|---|---|---|---|
| 001 | 5701 | ||
| 003 | FISKH | ||
| 005 | 20250115081602.0 | ||
| 008 | 250115b cb ||||| |||| 00| 0 eng d | ||
| 020 | _a9780545065849 | ||
| 040 |
_aFISKH _beng _cFISKH _dFISKH |
||
| 050 | _aPZ7 | ||
| 082 | _a581.4 | ||
| 100 | _aLee, Quinlan B. | ||
| 245 |
_aThe magic school bus falls with the leaves / _cby Quinlan B. Lee |
||
| 260 |
_aNew York : _bScholastic, _c2008. |
||
| 300 |
_a12 unnumbered pages : _bcolor illustrations ; _c20 cm |
||
| 490 |
_aPhonics Reading Program _vBook 7 |
||
| 500 | _aF | ||
| 505 | _aF | ||
| 520 | _aThe Magic School Bus can transform into any shape to take Ms. Frizzle and her class on amazing field trips!. Climb aboard the Magic School Bus to learn about why leaves change color in the fall and to read words with the long "e" sound. | ||
| 521 | 8 |
_a330
_bLexile |
|
| 521 | 8 |
_aF
_bRaz-Plus |
|
| 650 |
_aMagic School Bus _vPhonics _xFall |
||
| 942 |
_2ddc _cBK _n0 |
||
| 999 |
_c5701 _d5701 |
||